Ethics in natural bathing services

Gespeichert in:
Bibliographische Detailangaben
1. Verfasser: Szabó, Erika
Format: Buchkapitel
Sprache:Englisch
Schlagworte:
Tags: Tag hinzufügen
Keine Tags, Fügen Sie das erste Tag hinzu!

MARC

LEADER 00000naa a2200000 4500
001 0205790
005 20231128090304.0
041 0 |a eng 
044 |a SK 
245 1 0 |a Ethics in natural bathing services  |c Erika Szabó 
610 2 0 |a ruch cestovný zdravotný 
610 2 0 |a služby 
610 2 0 |a etika 
610 2 0 |a kódexy etické 
610 2 0 |a starostlivosť o zdravie 
100 1 |a Szabó, Erika